| 000 | 00930cab a2200301 4500 | ||
|---|---|---|---|
| 001 | ABS58091 | ||
| 008 | 090401t1997 xxu||||| |||| 00| 0 eng d | ||
| 035 | _a(Sirsi) u82773 | ||
| 041 | _aeng | ||
| 100 | _aMartin, J. | ||
| 245 | _aAddressed in the same timbre | ||
| 260 | _c1997 | ||
| 350 | _a0 | ||
| 490 |
_aEstates Gazette _v(9750) 13 December 1997, 81-82(2) |
||
| 520 | _aLooks at DETR circular 10/97 "Enforcing planning control: Legislative provisions and procedural requirements", spelling out how breaches will be treated and enforcement punished. | ||
| 650 | _aBREACH OF PLANNING CONTROL | ||
| 650 | _aCIRCULAR 10/97 | ||
| 650 | _aCONDITION NOTICE | ||
| 650 | _aDETR | ||
| 650 | _aENFORCEMENT NOTICES | ||
| 650 | _aINJUNCTIONS | ||
| 650 | _aPLANNING CONTROL | ||
| 650 | _aPLANNING PERMISSION | ||
| 690 | _aPLANNING LAW AND PRACTICE | ||
| 700 | _aEdwards, M. | ||
| 942 | _n0 | ||
| 948 | _c18/12/1997 | ||
| 999 |
_c52279 _d52279 |
||